| 000 | 00966cam a2200313 a 4500 | ||
|---|---|---|---|
| 001 | 4392833 | ||
| 003 | OSt | ||
| 005 | 20230919100035.0 | ||
| 008 | 920508s1991 ii 000 1 eng | ||
| 010 | _a 91909743 | ||
| 020 | _a:9780143424321 | ||
| 020 |
_a0670839906 _cRs195.00 |
||
| 025 | _aI-E-67029 | ||
| 040 |
_aDLC _cDLC _dDLC _dOCoLC |
||
| 043 | _aa-ii--- | ||
| 050 | 0 | 0 |
_aPR9499.3.T535 _bS5 1991 |
| 082 | 0 | 0 |
_a823 _bTHA/S |
| 100 |
_aTharoor, Shashi _d1956- _91771 |
||
| 245 | 1 | 0 |
_aShow business / _cShashi Tharoor. |
| 260 |
_aNew Delhi, India : _aNew York. N.Y., U.S.A. : _bViking, _c1991. |
||
| 300 |
_a310 p. ; _c22 cm. |
||
| 500 | _aNovel. | ||
| 650 | 0 |
_aMotion pictures _zIndia _xFiction. |
|
| 651 | 0 |
_aIndia _xFiction. |
|
| 655 | 7 |
_aAllegories. _2gsafd |
|
| 906 |
_a7 _bcbc _corignew _d2 _encip _f19 _gy-gencatlg |
||
| 942 |
_2ddc _cBK _h823 _iTHA/S _k823 _mTHA/S |
||
| 999 |
_c42176 _d42176 |
||